000
00310nam a22001337a 4500
003
SGT
082
_a
347.05,S.R.A.
100
_a
S.R.A. ROSEDAR
245
_a
CIVIL PROCEDURE CODE & LIMITATION ACT
260
_a
GURGAON
_b
LEXIS NEXIS
_c
2014
300
_a
348
650
_a
CIVIL PROCEDURE CODE
942
_2
ddc
_c
BK
999
_c
11005
_d
11005